| 000 | 00423nmm a2200145Ia 4500 | ||
|---|---|---|---|
| 008 | 251105s9999||||xx |||||||||||||||||und|| | ||
| 041 | _aspa | ||
| 100 | _aCabrero Miret, Ferran | ||
| 245 | 0 | _aLos pueblos indígenas | |
| 264 |
_a[Madrid, España] : _bUniversitat Oberta de Catalunya, _c2016 |
||
| 300 | _a96 páginas | ||
| 650 | _aAnthropology | ||
| 856 | _uhttps://public.digitaliapublishing.com/a/44009 | ||
| 942 | _cCF | ||
| 999 |
_c106245 _d106245 |
||